Inflation accounting: reporting of general and specific price changes (Record no. 342284)

000 -LEADER
fixed length control field 00474cam a22001457a 4500
008 - FIXED-LENGTH DATA ELEMENTS--GENERAL INFORMATION
fixed length control field 180718b1984 xxu||||| |||| 00| 0 eng d
082 ## - DEWEY DECIMAL CLASSIFICATION NUMBER
Classification number L8 B623
100 ## - MAIN ENTRY--PERSONAL NAME
Personal name Bllom, Robert
245 ## - TITLE STATEMENT
Title Inflation accounting: reporting of general and specific price changes
Statement of responsibility, etc. by Robert Bloom and Araya Debessay
260 ## - PUBLICATION, DISTRIBUTION, ETC.
Place of publication, distribution, etc. New York
Name of publisher, distributor, etc. Praeger
Date of publication, distribution, etc. 1984
300 ## - PHYSICAL DESCRIPTION
Extent 316p.
500 ## - GENERAL NOTE
General note Bibl.p.271-98, Pound 29.95
650 ## - SUBJECT ADDED ENTRY--TOPICAL TERM
Topical term or geographic name entry element Accounting --Effect of inflation on
700 ## - ADDED ENTRY--PERSONAL NAME
Personal name Debessay, Araya
Holdings
Withdrawn status Lost status Damaged status Not for loan Permanent Location Current Location Date acquired Full call number Barcode Date last seen Price effective from Koha item type
        Indian Institute of Public Administration Indian Institute of Public Administration 1993-09-23 L8 B623 64761 2018-07-21 2018-07-21 Book

Powered by Koha